[Event "XVIII Weekend"]
[Site "Porto Sant'Elpidio ITA"]
[Date "2015.11.29"]
[Round "5"]
[White "Marvulli, Michele"]
[Black "Santinelli, Michele"]
[WhiteElo "1404"]
[BlackElo "1961"]
[Result "1/2-1/2"]
[PlyCount "126"]
[EventDate "2015.11.21"]

1. e4 d5 2. exd5 Qxd5 3. Nc3 Qd6 4. d4 a6 5. a4 Nf6 6. Be3 Bf5 7. Nf3 Nc6 8.
Bd3 Bxd3 9. cxd3 e6 10. O-O Be7 11. Ne4 Qd5 12. Nc5 b6 13. Nb3 O-O 14. Qc2 Rac8
15. Qc4 Rfd8 16. Rac1 Nb4 17. Bd2 a5 18. Ne5 c5 19. Bxb4 axb4 20. Qxd5 Rxd5 21.
dxc5 Rxe5 22. cxb6 Rb8 23. a5 Nd5 24. Nd4 Re8 25. Nc6 Re2 26. b7 Bd6 27. a6
Rxb2 28. Ra1 g6 29. Rfc1 b3 30. a7 Nb6 31. a8=Q Nxa8 32. bxa8=Q Rxa8 33. Rxa8+
Kg7 34. Raa1 Rd2 35. Rd1 b2 36. Rab1 Rc2 37. Na5 Bc5 38. Nb3 Bxf2+ 39. Kh1 Be3
40. Na5 Rc1 41. Nc4 Rxd1+ 42. Rxd1 Bc1 43. Nxb2 Bxb2 44. d4 Kf6 45. d5 exd5 46.
Rxd5 Ke6 47. Rd8 h5 48. Kg1 Ba3 49. Kf1 Bd6 50. h3 h4 51. Ke2 f5 52. Rg8 Kf7
53. Rd8 Bg3 54. Rc8 Kf6 55. Kf3 Kg5 56. Rc6 Kh5 57. Re6 Kg5 58. Rc6 Kh6 59. Ra6
Bh2 60. Ra4 Bg3 61. Ra6 Bh2 62. Ra4 Bg3 63. Ra6 Kg5 1/2-1/2

[Event "XVIII Weekend"]
[Site "Porto Sant'Elpidio ITA"]
[Date "2015.11.29"]
[Round "5"]
[White "Marzetti, Alessandro"]
[Black "Piergentili, Roberto"]
[WhiteElo "1252"]
[BlackElo "1776"]
[Result "0-1"]
[PlyCount "84"]
[EventDate "2015.11.21"]

1. d4 d5 2. c4 c6 3. Nc3 Nf6 4. cxd5 cxd5 5. Bg5 Ne4 6. Nxe4 dxe4 7. e3 Qa5+ 8.
Qd2 Qxg5 9. Ne2 e6 10. Ng3 f5 11. Bc4 Nc6 12. a3 Bd7 13. d5 exd5 14. Qxd5 O-O-O
15. b4 Kb8 16. O-O Bc8 17. Qb5 Be7 18. Rfd1 Rxd1+ 19. Rxd1 Rd8 20. Rxd8 Bxd8
21. Bd5 Qf6 22. Bxc6 Qxc6 23. Qe5+ Qc7 24. Qe8 Qd7 25. Qxd7 Bxd7 26. Kf1 Kc7
27. Ke1 Bf6 28. Kd2 g6 29. Ne2 Bb2 30. a4 Bxa4 31. Nd4 Bxd4 32. exd4 Kd6 33.
Kc3 Kd5 34. h3 Bb5 35. g4 f4 36. h4 h6 37. g5 h5 38. Kd2 Kxd4 39. Ke1 Kc4 40.
f3 e3 41. Kd1 Kd3 42. Ke1 e2 0-1

[Event "XVIII Weekend"]
[Site "Porto Sant'Elpidio ITA"]
[Date "2015.11.29"]
[Round "5"]
[White "Miandro, Steven"]
[Black "Rinaudo, Andrea"]
[WhiteElo "1861"]
[BlackElo "1997"]
[Result "1/2-1/2"]
[PlyCount "46"]
[EventDate "2015.11.21"]

1. d4 d5 2. c4 e6 3. Nc3 Nf6 4. cxd5 exd5 5. Bg5 Be7 6. e3 c6 7. Qc2 Nbd7 8.
Bd3 O-O 9. Nge2 h6 10. Bh4 Re8 11. O-O Ne4 12. Bxe7 Qxe7 13. Bxe4 dxe4 14. Ng3
Nf6 15. Rac1 b6 16. Qa4 Bb7 17. Rfd1 g6 18. Nge2 Red8 19. Nf4 Kg7 20. Rd2 Rd7
21. Rcd1 g5 22. Nfe2 Qe6 23. Ng3 Kg8 1/2-1/2

[Event "XVIII Weekend"]
[Site "Porto Sant'Elpidio ITA"]
[Date "2015.11.29"]
[Round "5"]
[White "Pocognoli, Gianfranco"]
[Black "Cappella, Leonardo"]
[WhiteElo "1752"]
[BlackElo "1512"]
[Result "0-1"]
[PlyCount "96"]
[EventDate "2015.11.21"]

1. d4 d5 2. e3 Nf6 3. f4 c5 4. c3 Nc6 5. Nf3 e6 6. Bd3 Bd6 7. Qe2 O-O 8. O-O b6
9. g3 Bb7 10. Nbd2 Ne7 11. Ne5 Ne4 12. Qg2 f6 13. Ng4 Qc8 14. Nf2 Nxd2 15. Bxd2
c4 16. Bc2 f5 17. Qh3 b5 18. g4 a5 19. Kh1 b4 20. Rg1 Rf6 21. gxf5 exf5 22. Rg5
h6 23. Rg2 Qf8 24. Rag1 Bc8 25. Rxg7+ Qxg7 26. Rxg7+ Kxg7 27. Qh5 Be6 28. Be1
Rb8 29. Nh3 bxc3 30. Bxc3 Bb4 31. Bxb4 axb4 32. Qd1 Ra8 33. Bb1 Bd7 34. Ng1 Rc6
35. Qe1 c3 36. bxc3 bxc3 37. Nf3 c2 38. Bxc2 Rxc2 39. Qg3+ Kh7 40. Qh4 Re8 41.
Qf6 Rc1+ 42. Kg2 Rg8+ 43. Kh3 Rg7 44. Ne5 Re1 45. Kh4 Rxe3 46. h3 Bb5 47. Ng6
Nxg6+ 48. Kh5 Be2# 0-1

[Event "XVIII Weekend"]
[Site "Porto Sant'Elpidio ITA"]
[Date "2015.11.29"]
[Round "5"]
[White "Sagripanti, Michele"]
[Black "Rinaudo, Sergio"]
[WhiteElo "2153"]
[BlackElo "2098"]
[Result "1/2-1/2"]
[PlyCount "60"]
[EventDate "2015.11.21"]

1. e4 e5 2. Nf3 Nf6 3. Nxe5 d6 4. Nf3 Nxe4 5. Nc3 Nxc3 6. dxc3 Be7 7. Bf4 O-O
8. Bd3 Re8 9. O-O Nd7 10. Re1 Nc5 11. Bc4 Be6 12. Bxe6 Nxe6 13. Bg3 Qd7 14. Qd5
c6 15. Qf5 Rad8 16. Rad1 Qc8 17. Re2 d5 18. Rde1 Bf6 19. Be5 Bxe5 20. Rxe5 h6
21. Nd4 Nc7 22. Re7 Qxf5 23. Nxf5 Kf8 24. Kf1 Rc8 25. Rd7 Red8 26. Ree7 Rxd7
27. Rxd7 Ke8 28. Re7+ Kf8 29. Rd7 Ke8 30. Re7+ Kf8 1/2-1/2

[Event "XVIII Weekend"]
[Site "Porto Sant'Elpidio ITA"]
[Date "2015.11.29"]
[Round "5"]
[White "Serpilli, Francesco"]
[Black "Ciarloni, Giuseppe"]
[WhiteElo "1564"]
[BlackElo "1684"]
[Result "0-1"]
[PlyCount "70"]
[EventDate "2015.11.21"]

1. d4 d5 2. c4 e6 3. Nc3 Nf6 4. cxd5 exd5 5. Bg5 c6 6. Qc2 Be7 7. e3 Nbd7 8.
Bd3 O-O 9. Nge2 Re8 10. O-O Nf8 11. f3 h6 12. Bh4 N6h7 13. Bf2 Bh4 14. e4 Bxf2+
15. Rxf2 dxe4 16. fxe4 Be6 17. Raf1 Nf6 18. h3 Qe7 19. Nf4 Rad8 20. Nxe6 fxe6
21. Ne2 e5 22. dxe5 Qxe5 23. Rf5 Qe7 24. Ng3 Qd6 25. Qb3+ Kh8 26. R1f3 Ng6 27.
Rxf6 gxf6 28. Nf5 Qc5+ 29. Kh1 Ne5 30. Rg3 Rg8 31. Rxg8+ Rxg8 32. Bc2 Qf2 33.
Ne3 Qe1+ 34. Kh2 Nf3+ 35. gxf3 Qg1# 0-1

[Event "XVIII Weekend"]
[Site "Porto Sant'Elpidio ITA"]
[Date "2015.11.29"]
[Round "5"]
[White "Squadrani, Giovanni"]
[Black "Peretti, Feliciano"]
[WhiteElo "1719"]
[BlackElo "1170"]
[Result "1-0"]
[PlyCount "67"]
[EventDate "2015.11.21"]

1. e4 d5 2. exd5 Qxd5 3. Nc3 Qa5 4. d4 Nf6 5. Nf3 c6 6. Ne5 Bf5 7. Bc4 e6 8.
Bd2 Bb4 9. a3 Bxc3 10. Bxc3 Qc7 11. g4 Bg6 12. f3 Nbd7 13. h4 h5 14. Nxg6 Qg3+
15. Kf1 fxg6 16. g5 Nd5 17. Bxd5 cxd5 18. Be1 Qc7 19. Qd3 Qc4 20. Qxc4 dxc4 21.
Bb4 O-O-O 22. Re1 Rhe8 23. Kg2 e5 24. dxe5 Rxe5 25. Bc3 Rxe1 26. Rxe1 Rg8 27.
Re4 b5 28. Re6 Nb6 29. Rxg6 Na4 30. Rxg7 Re8 31. Rxa7 Re2+ 32. Kg3 Rxc2 33. g6
Kb8 34. Re7 1-0

[Event "XVIII Weekend"]
[Site "Porto Sant'Elpidio ITA"]
[Date "2015.11.29"]
[Round "6"]
[White "Cherchi, Cesare"]
[Black "Marvulli, Michele"]
[WhiteElo "1440"]
[BlackElo "1404"]
[Result "0-1"]
[PlyCount "62"]
[EventDate "2015.11.21"]

1. Nf3 c5 2. c4 Nc6 3. Nc3 Nf6 4. e3 d6 5. d4 cxd4 6. exd4 Bg4 7. Be2 d5 8. c5
e6 9. O-O Be7 10. Bf4 O-O 11. Qc2 Bxf3 12. Bxf3 Nxd4 13. Qd3 Bxc5 14. Bd1 a6
15. Be3 e5 16. h3 b5 17. Rc1 Qd6 18. f4 e4 19. Qd2 Qb6 20. Na4 Ne2+ 21. Qxe2
Bxe3+ 22. Kh2 bxa4 23. Rc2 d4 24. Qc4 Qb5 25. Bg4 Qxc4 26. Rxc4 Nxg4+ 27. hxg4
Rfc8 28. Rxa4 d3 29. Rxe4 Re8 30. Rc4 d2 31. Rc3 Bxf4+ 0-1

[Event "XVIII Weekend"]
[Site "Porto Sant'Elpidio ITA"]
[Date "2015.11.29"]
[Round "6"]
[White "Ciarloni, Giuseppe"]
[Black "Guglielmi, Dante"]
[WhiteElo "1684"]
[BlackElo "1876"]
[Result "1/2-1/2"]
[PlyCount "84"]
[EventDate "2015.11.21"]

1. d4 d5 2. c4 e6 3. Nc3 Nf6 4. Nf3 Be7 5. Bg5 Nbd7 6. e3 O-O 7. Rc1 a6 8. cxd5
exd5 9. Bd3 c6 10. O-O h6 11. Bh4 Ne4 12. Bxe7 Qxe7 13. Qc2 Re8 14. h3 Ng5 15.
Nh2 Nf6 16. Bf5 Nge4 17. Bxc8 Raxc8 18. Ne2 Qb4 19. a3 Qd2 20. Qxd2 Nxd2 21.
Rfd1 Nc4 22. Rc2 Re7 23. Ng3 g6 24. Nf3 Rce8 25. Nd2 Nxd2 26. Rcxd2 Ne4 27.
Nxe4 Rxe4 28. Rd3 f5 29. Rb3 R8e7 30. Rdd3 f4 31. exf4 Rxf4 32. f3 Kf7 33. Kf2
Ke8 34. g3 Rf6 35. Re3 Rxe3 36. Kxe3 b5 37. a4 Kd7 38. axb5 axb5 39. Ra3 Re6+
40. Kf2 Kd6 41. b4 Re7 42. Ra8 Ke6 1/2-1/2

[Event "XVIII Weekend"]
[Site "Porto Sant'Elpidio ITA"]
[Date "2015.11.29"]
[Round "6"]
[White "Iori, Massimiliano"]
[Black "Sagripanti, Michele"]
[WhiteElo "1891"]
[BlackElo "2153"]
[Result "0-1"]
[PlyCount "52"]
[EventDate "2015.11.21"]

1. d4 d6 2. e4 Nf6 3. Nc3 g6 4. Nf3 Bg7 5. h3 O-O 6. Be2 c6 7. O-O b5 8. Bd3
Nbd7 9. Ne2 c5 10. c3 Bb7 11. Ng3 a6 12. Re1 Re8 13. e5 dxe5 14. dxe5 Nd5 15.
e6 fxe6 16. Rxe6 c4 17. Bc2 Nc5 18. Re1 Qc7 19. Ne4 Rad8 20. Nfg5 Nxc3 21. Qg4
N3xe4 22. Nxe4 Nxe4 23. Bxe4 c3 24. bxc3 Bxe4 25. Rxe4 Qxc3 26. Rb1 Qc2 0-1

[Event "XVIII Weekend"]
[Site "Porto Sant'Elpidio ITA"]
[Date "2015.11.29"]
[Round "6"]
[White "Marzetti, Alessandro"]
[Black "Squadrani, Giovanni"]
[WhiteElo "1252"]
[BlackElo "1719"]
[Result "0-1"]
[PlyCount "80"]
[EventDate "2015.11.21"]

1. d4 d5 2. c4 e6 3. Nc3 Nf6 4. cxd5 exd5 5. Bg5 Be7 6. Nf3 c6 7. Qc2 O-O 8. e3
Nbd7 9. Bd3 Re8 10. O-O Nf8 11. Rfe1 Ng6 12. e4 dxe4 13. Nxe4 Nd5 14. Bxe7 Rxe7
15. Qb3 Bg4 16. Ne5 Nxe5 17. dxe5 Rxe5 18. Qxb7 Rb8 19. Qxc6 Nb4 20. Qc3 Nxd3
21. Re3 Rd5 22. f3 Bf5 23. Rd1 Nxb2 24. Rxd5 Qxd5 25. Re2 Nd3 26. h3 Bxe4 27.
Rxe4 Qc5+ 28. Qxc5 Nxc5 29. Re7 a6 30. Kf2 Kf8 31. Rc7 Ne6 32. Rc2 Ke7 33. Ke3
Rb4 34. Rd2 a5 35. g3 a4 36. a3 Rb3+ 37. Rd3 Nc5 38. Rxb3 axb3 39. Kd2 b2 40.
Kc2 Na4 0-1

[Event "XVIII Weekend"]
[Site "Porto Sant'Elpidio ITA"]
[Date "2015.11.29"]
[Round "6"]
[White "Perogio, Lorenzo"]
[Black "Lattanzi, Matteo"]
[WhiteElo "1810"]
[BlackElo "1734"]
[Result "1/2-1/2"]
[PlyCount "88"]
[EventDate "2015.11.21"]

1. Nf3 Nf6 2. d3 e6 3. g3 c5 4. Bg2 Nc6 5. O-O Be7 6. e4 d5 7. Nbd2 O-O 8. Re1
Qb6 9. e5 Nd7 10. Nf1 Qc7 11. Bf4 b5 12. h4 Re8 13. N1h2 Bf8 14. h5 c4 15. Ng4
Bb7 16. c3 a5 17. d4 b4 18. Qd2 Qb6 19. Ng5 a4 20. Qc2 g6 21. Bxd5 Nxd4 22.
cxd4 Bxd5 23. hxg6 hxg6 24. f3 Bg7 25. Be3 Kf8 26. Ne4 Bxe4 27. fxe4 Qc6 28.
Rf1 Kg8 29. Nh6+ Bxh6 30. Bxh6 f6 31. exf6 Kf7 32. Qg2 c3 33. Rac1 Qc4 34. bxc3
bxc3 35. Qf2 Rab8 36. Bf4 Rb4 37. Bd2 Qxd4 38. Qxd4 Rxd4 39. Bxc3 Rxe4 40. Ba1
Re2 41. Rfd1 Nxf6 42. Rf1 e5 43. Rc7+ Re7 44. Rc6 Re6 1/2-1/2

[Event "XVIII Weekend"]
[Site "Porto Sant'Elpidio ITA"]
[Date "2015.11.29"]
[Round "6"]
[White "Piergentili, Roberto"]
[Black "Rinaudo, Andrea"]
[WhiteElo "1776"]
[BlackElo "1997"]
[Result "0-1"]
[PlyCount "68"]
[EventDate "2015.11.21"]

1. d4 d5 2. c4 e6 3. Nc3 Nf6 4. cxd5 exd5 5. Bg5 Be7 6. e3 c6 7. Qc2 Nbd7 8.
Bd3 h6 9. Bh4 O-O 10. Nge2 Re8 11. O-O Ne4 12. Bxe7 Qxe7 13. Bxe4 dxe4 14. Ng3
Nf6 15. Rab1 b6 16. b4 Bb7 17. Qb2 Rac8 18. a4 Red8 19. Rfc1 Rc7 20. b5 c5 21.
dxc5 Rxc5 22. Nce2 Rdc8 23. Nf5 Rxf5 24. Rxc8+ Bxc8 25. Nd4 Rc5 26. Nc6 Qc7 27.
Rd1 Bd7 28. Nd4 Ng4 29. g3 Ne5 30. Kg2 Bg4 31. Ra1 Nf3 32. h3 Nxd4 33. Qxd4
Bf3+ 34. Kh2 Rc2 0-1

[Event "XVIII Weekend"]
[Site "Porto Sant'Elpidio ITA"]
[Date "2015.11.29"]
[Round "6"]
[White "Rinaudo, Sergio"]
[Black "Miandro, Steven"]
[WhiteElo "2098"]
[BlackElo "1861"]
[Result "1-0"]
[PlyCount "79"]
[EventDate "2015.11.21"]

1. d4 Nf6 2. Nf3 g6 3. Nbd2 Bg7 4. e4 d6 5. Bd3 O-O 6. O-O Nc6 7. c3 e5 8. dxe5
Nxe5 9. Nxe5 dxe5 10. Qe2 Nh5 11. g3 Bh3 12. Re1 Qe7 13. Nc4 Rfd8 14. Be3 a5
15. a4 b6 16. Red1 Rd7 17. Bxb6 cxb6 18. Nxb6 Rad8 19. Nxd7 Rxd7 20. Bb5 Rxd1+
21. Rxd1 Be6 22. Bc4 Nf6 23. Bxe6 Qxe6 24. Rd8+ Bf8 25. Ra8 Kg7 26. Rxa5 Qh3
27. f3 Qe6 28. Kg2 Qb3 29. Qd2 h6 30. Rxe5 Qxa4 31. b4 Kh7 32. Ra5 Qc6 33. Qd4
Bg7 34. Ra7 Ng4 35. Rxf7 Nf6 36. Qa7 Nh5 37. g4 Nf4+ 38. Rxf4 Qxc3 39. Rf7 Qc2+
40. Kg3 1-0

[Event "XVIII Weekend"]
[Site "Porto Sant'Elpidio ITA"]
[Date "2015.11.29"]
[Round "6"]
[White "Santinelli, Michele"]
[Black "Pocognoli, Gianfranco"]
[WhiteElo "1961"]
[BlackElo "1752"]
[Result "1-0"]
[PlyCount "101"]
[EventDate "2015.11.21"]

1. d4 d5 2. Bf4 e6 3. Nf3 Bd6 4. Bxd6 Qxd6 5. Nbd2 f5 6. e3 Nf6 7. Be2 Nbd7 8.
c4 c6 9. Rc1 Qe7 10. Qc2 g6 11. Qc3 Ne4 12. Nxe4 fxe4 13. Ne5 Qg5 14. O-O O-O
15. f4 exf3 16. Nxf3 Qe7 17. Rf2 Nf6 18. Nd2 Bd7 19. Rcf1 Kg7 20. Bf3 a6 21. e4
Rac8 22. e5 Ng8 23. c5 Nh6 24. b4 Rf7 25. Be2 Rcf8 26. Rxf7+ Rxf7 27. Rxf7+
Qxf7 28. Qf3 Qxf3 29. Nxf3 Nf5 30. Kf2 h6 31. g4 Ne7 32. Bd3 Be8 33. h4 Bf7 34.
a4 Be8 35. Nd2 Nc8 36. Nb3 b5 37. axb5 cxb5 38. Ke3 Na7 39. Kd2 Nc6 40. Kc3 Kf8
41. Na5 Nxa5 42. bxa5 Kg7 43. c6 Bxc6 44. Kb4 g5 45. h5 Kf8 46. Kc5 Bd7 47. Kb6
b4 48. Kxa6 Ke8 49. Kb7 Kd8 50. a6 Bc8+ 51. Kb6 1-0

[Event "XVIII Weekend"]
[Site "Porto Sant'Elpidio ITA"]
[Date "2015.11.29"]
[Round "6"]
[White "Vannicola, Roberto"]
[Black "Cappella, Leonardo"]
[WhiteElo "1540"]
[BlackElo "1512"]
[Result "1/2-1/2"]
[PlyCount "74"]
[EventDate "2015.11.21"]

1. c4 e5 2. Nc3 Nf6 3. Nf3 Nc6 4. g3 Bb4 5. Bg2 O-O 6. O-O d6 7. Qc2 Be6 8. d3
h6 9. a3 Bxc3 10. Qxc3 a5 11. Ne1 Qd7 12. Nc2 a4 13. e4 Bh3 14. f4 Bxg2 15.
Kxg2 Qg4 16. Qe1 Nd7 17. Ne3 Qe6 18. f5 Qe7 19. Nd5 Qd8 20. Be3 f6 21. Qe2 Nd4
22. Bxd4 exd4 23. Nf4 Nc5 24. Qg4 Qe7 25. Ng6 Qf7 26. Nxf8 Qxf8 27. Rad1 Ra6
28. Rf4 Rb6 29. Rd2 Nb3 30. Rd1 Nc5 31. Rf2 Rb3 32. Qe2 Qe7 33. Rf3 Nd7 34. Qf2
Ne5 35. Qxd4 Nxf3 36. Kxf3 c5 37. Qf2 Qe5 1/2-1/2

[Event "I Memorial Doriano Spinelli"]
[Site "Torino ITA"]
[Date "2015.12.04"]
[Round "1"]
[White "Cacinschi, Alexandru"]
[Black "Gussone, Claudio"]
[WhiteElo "2090"]
[BlackElo "1748"]
[Result "1-0"]
[PlyCount "89"]
[EventDate "2015.12.04"]

1. c4 Nf6 2. Nc3 g6 3. g3 Bg7 4. Bg2 c5 5. e3 Nc6 6. Nge2 O-O 7. O-O b6 8. d4
Rb8 9. d5 Na5 10. b3 d6 11. Bb2 Bf5 12. Qd2 Qd7 13. Nf4 g5 14. Nfe2 Bh3 15. e4
h6 16. f4 Bxg2 17. Kxg2 gxf4 18. gxf4 Qg4+ 19. Ng3 Nh5 20. Nce2 Nxg3 21. Nxg3
Bxb2 22. Qxb2 Qg7 23. Qxg7+ Kxg7 24. Nf5+ Kf6 25. Nxh6 Rh8 26. Ng4+ Kg7 27. Rf3
b5 28. cxb5 Rxb5 29. Re1 c4 30. bxc4 Nxc4 31. Re2 f6 32. Rc3 Rc8 33. Rec2 Rbc5
34. Kg1 Kg6 35. Rg2 Kf7 36. Nh6+ Ke8 37. Rg8+ Kd7 38. Rxc8 Rxc8 39. Nf5 e6 40.
dxe6+ Kxe6 41. Kf2 Nb6 42. Rxc8 Nxc8 43. h4 d5 44. h5 dxe4 45. h6 1-0

[Event "I Memorial Doriano Spinelli"]
[Site "Torino ITA"]
[Date "2015.12.04"]
[Round "1"]
[White "De Barberis, Massimo"]
[Black "Coqueraut, Lodewyk"]
[WhiteElo "1985"]
[BlackElo "1638"]
[Result "1-0"]
[PlyCount "87"]
[EventDate "2015.12.04"]

1. e4 b6 2. d4 Bb7 3. Bd3 g6 4. Nf3 Bg7 5. c3 d6 6. O-O Nf6 7. Qe2 a6 8. Rd1
O-O 9. Bg5 c5 10. e5 Nd5 11. dxc5 h6 12. Be4 hxg5 13. Bxd5 Bxd5 14. Rxd5 bxc5
15. e6 f6 16. Nbd2 Nc6 17. Qd3 Qe8 18. Ne4 Ne5 19. Nxe5 fxe5 20. Nxg5 Rf5 21.
Ne4 Qc6 22. Rd1 c4 23. Qg3 Qe8 24. Ng5 Qa4 25. Qh4 Rxg5 26. Qxg5 Qe8 27. Qg4
Bf6 28. Qxc4 Kg7 29. Ra5 Rb8 30. Rd2 Qd8 31. Rxa6 Bg5 32. Rc2 d5 33. Qg4 Bf6
34. h4 Qc8 35. Qe2 Qc7 36. g3 e4 37. Rd2 Qc5 38. Qe3 Qb5 39. Ra3 Qc6 40. Ra5
Rd8 41. Qc5 Qxe6 42. Rxd5 Rxd5 43. Qxd5 Qg4 44. Ra4 1-0

[Event "I Memorial Doriano Spinelli"]
[Site "Torino ITA"]
[Date "2015.12.04"]
[Round "1"]
[White "Doromeychuk, Anton"]
[Black "Fassio, Francesco"]
[WhiteElo "1844"]
[BlackElo "1560"]
[Result "0-1"]
[PlyCount "110"]
[EventDate "2015.12.04"]

1. d4 d5 2. c4 c6 3. Nf3 Nf6 4. Nc3 e6 5. Bg5 Be7 6. e3 O-O 7. Bd3 Nbd7 8. O-O
b6 9. Rc1 Bb7 10. cxd5 Nxd5 11. Bxe7 Qxe7 12. e4 Nxc3 13. Rxc3 Rfd8 14. e5 c5
15. dxc5 Nxc5 16. Qe2 Nxd3 17. Rxd3 Rxd3 18. Qxd3 Rd8 19. Qc3 Rc8 20. Qd4 Rd8
21. Qf4 h6 22. Nd2 Qc7 23. Ne4 Bxe4 24. Qxe4 Rd2 25. Qb4 Qc2 26. Qe7 Rd1 27. g3
Rxf1+ 28. Kxf1 Qd1+ 29. Kg2 Qd5+ 30. Kg1 Qxe5 31. Qe8+ Kh7 32. Qxf7 a5 33. h4
h5 34. Qf3 b5 35. Qd3+ Qf5 36. Qxf5+ exf5 37. Kf1 Kg6 38. Ke2 Kf6 39. Kd3 Ke5
40. b3 f4 41. a4 bxa4 42. bxa4 fxg3 43. fxg3 Kd5 44. Ke3 Kc4 45. Kf4 Kb4 46.
Kg5 Kxa4 47. Kxh5 Kb4 48. Kg6 a4 49. Kxg7 a3 50. h5 a2 51. g4 a1=Q+ 52. Kh6
Qf6+ 53. Kh7 Qg5 54. h6 Kc5 55. Kh8 Qxh6+ 0-1

[Event "I Memorial Doriano Spinelli"]
[Site "Torino ITA"]
[Date "2015.12.04"]
[Round "1"]
[White "Garbezza, Davide"]
[Black "Di Chiara, Mauro"]
[WhiteElo "1633"]
[BlackElo "1933"]
[Result "0-1"]
[PlyCount "109"]
[EventDate "2015.12.04"]

1. Nf3 Nf6 2. g3 g6 3. b3 Bg7 4. Bb2 O-O 5. Bg2 c5 6. O-O Nc6 7. d3 d6 8. c4 e5
9. e3 Re8 10. Nc3 d5 11. cxd5 Nxd5 12. Nxd5 Qxd5 13. Nxe5 Qe6 14. Nc4 Bxb2 15.
Nxb2 b6 16. Qc2 Ba6 17. Rfd1 Rad8 18. d4 Nb4 19. Qc3 Nd5 20. Qc1 Rc8 21. Qd2
cxd4 22. Qxd4 Nc3 23. Rd2 Ne2+ 24. Rxe2 Bxe2 25. Qd2 Bb5 26. Qd5 Qxd5 27. Bxd5
Rc2 28. a4 Bc6 29. Bxc6 Rxc6 30. Nc4 Rd8 31. Kf1 f6 32. Ke2 Kf7 33. Rc1 Ke6 34.
Rc3 a6 35. Rd3 Rxd3 36. Kxd3 b5 37. axb5 axb5 38. Na3 Rc5 39. Nc2 Rd5+ 40. Nd4+
Kd6 41. b4 Kc7 42. f4 Kb6 43. e4 Rd8 44. e5 fxe5 45. fxe5 Ra8 46. Ke4 Ra4 47.
e6 Kc7 48. Nxb5+ Kd8 49. Nd4 Rxb4 50. Ke5 Rb2 51. h3 Rd2 52. Nc6+ Ke8 53. Na5
Rd3 54. Kf4 Ke7 55. Nc4 0-1

[Event "I Memorial Doriano Spinelli"]
[Site "Torino ITA"]
[Date "2015.12.04"]
[Round "1"]
[White "Gotti, Marco"]
[Black "Finocchiaro, Gianluca"]
[WhiteElo "1713"]
[BlackElo "2020"]
[Result "1-0"]
[PlyCount "108"]
[EventDate "2015.12.04"]

1. e4 d6 2. d4 Nf6 3. Bd3 e5 4. Ne2 Nc6 5. c3 d5 6. exd5 Qxd5 7. dxe5 Nxe5 8.
Nf4 Nxd3+ 9. Qxd3 Qxd3 10. Nxd3 Bf5 11. Ne5 Bd6 12. Nc4 Be7 13. Nbd2 O-O 14.
O-O Rfe8 15. Ne3 Bd3 16. Re1 Bc5 17. Nb3 Bb6 18. Bd2 Rad8 19. Rad1 a5 20. a4
Bxe3 21. Bxe3 b6 22. Nd4 Be4 23. Bg5 c5 24. f3 cxd4 25. fxe4 dxc3 26. Rxd8 Rxd8
27. bxc3 Re8 28. Bxf6 gxf6 29. Kf2 Rc8 30. Rb1 Rc6 31. Rb3 Kg7 32. Ke3 Rc4 33.
Ra3 Kg6 34. Kd3 Rc6 35. Rb3 Kg5 36. Rb5+ Kg6 37. g4 h6 38. h4 Kg7 39. Rd5 Kg6
40. Kd4 Kg7 41. c4 Kf8 42. c5 Re6 43. cxb6 Rxb6 44. Rxa5 Ke7 45. Rb5 Rd6+ 46.
Rd5 Rb6 47. Kc5 Rb1 48. a5 Re1 49. Rd4 Rc1+ 50. Kb6 Rb1+ 51. Ka7 h5 52. gxh5
Rb5 53. Rd5 Rb4 54. h6 Kf8 1-0

[Event "I Memorial Doriano Spinelli"]
[Site "Torino ITA"]
[Date "2015.12.04"]
[Round "1"]
[White "Liviabella, Lucio"]
[Black "Malano, Francesco"]
[WhiteElo "1567"]
[BlackElo "1880"]
[Result "0-1"]
[PlyCount "106"]
[EventDate "2015.12.04"]

1. e4 d6 2. Bc4 Nf6 3. Nc3 e5 4. Nf3 Be7 5. d3 O-O 6. Bg5 c6 7. Qd2 Nbd7 8.
O-O-O b5 9. Bb3 Nc5 10. h4 a5 11. a4 Nxb3+ 12. cxb3 b4 13. Ne2 Be6 14. Qc2 h6
15. Bxf6 Bxf6 16. Kb1 Rc8 17. Nc1 Bg4 18. Rdg1 Bxf3 19. gxf3 Bxh4 20. Rg4 Bg5
21. Ne2 f5 22. exf5 Rxf5 23. Rh3 Qd7 24. d4 Rxf3 25. Rhg3 Rxg3 26. Rxg3 Rf8 27.
f3 Qf5 28. dxe5 dxe5 29. Qe4 Qxe4+ 30. fxe4 Rf2 31. Ng1 Bf4 32. Rf3 Rxf3 33.
Nxf3 g5 34. Kc2 g4 35. Nh4 Kf7 36. Kd3 Bg5 37. Nf5 h5 38. Ke2 h4 39. Kf2 Bd8
40. Nh6+ Ke6 41. Nxg4 Bb6+ 42. Kg2 Bd4 43. Kh3 Bxb2 44. Kxh4 Bd4 45. Nh2 c5 46.
Nf1 c4 47. bxc4 Bc3 48. Ne3 b3 49. Nd1 Bd4 50. Kg4 b2 51. Nxb2 Bxb2 52. Kf3 Kd6
53. Ke3 Bd4+ 0-1

[Event "I Memorial Doriano Spinelli"]
[Site "Torino ITA"]
[Date "2015.12.04"]
[Round "1"]
[White "Martin, Tiziano"]
[Black "Wisbey, Danilo"]
[WhiteElo "1926"]
[BlackElo "1587"]
[Result "1-0"]
[PlyCount "55"]
[EventDate "2015.12.04"]

1. Nf3 d5 2. e3 Nf6 3. c4 c6 4. d4 Bf5 5. cxd5 cxd5 6. Qb3 Qb6 7. Qxb6 axb6 8.
Nc3 e6 9. Bb5+ Nc6 10. Ne5 Rc8 11. Bd2 Bd6 12. Na4 Nd7 13. Nxd7 Kxd7 14. Nxb6+
Ke7 15. Nxc8+ Rxc8 16. Rc1 h6 17. a3 Kd8 18. Ke2 f6 19. Bxc6 bxc6 20. Rc3 Bg6
21. Rhc1 Be8 22. Rb3 Rb8 23. Rxb8+ Bxb8 24. Bb4 h5 25. Bc5 Bc7 26. b4 Kc8 27.
b5 cxb5 28. Bd6 1-0

[Event "I Memorial Doriano Spinelli"]
[Site "Torino ITA"]
[Date "2015.12.04"]
[Round "1"]
[White "Mcgovern, Patrick"]
[Black "Romagnolo, Paolo"]
[WhiteElo "1775"]
[BlackElo "2126"]
[Result "1/2-1/2"]
[PlyCount "52"]
[EventDate "2015.12.04"]

1. e4 d5 2. exd5 Qxd5 3. Nc3 Qa5 4. d4 Nf6 5. Bd2 c6 6. Ne4 Qb6 7. Nxf6+ exf6
8. Bc3 Be6 9. Bd3 Bd6 10. Nf3 Nd7 11. Qd2 Qc7 12. g3 O-O 13. O-O Bd5 14. Nh4
Rfe8 15. Nf5 Bf8 16. Rfe1 g6 17. Nh6+ Kh8 18. Ng4 Bg7 19. Re3 f5 20. Rae1 Rxe3
21. Nxe3 Nf6 22. Nxd5 Nxd5 23. Bc4 Nxc3 24. Qxc3 Qd7 25. Qe3 Bf6 26. c3 Bg7
1/2-1/2

[Event "I Memorial Doriano Spinelli"]
[Site "Torino ITA"]
[Date "2015.12.04"]
[Round "1"]
[White "Peruffo, Giovanni"]
[Black "Cutelli, Massimo"]
[WhiteElo "1453"]
[BlackElo "1829"]
[Result "0-1"]
[PlyCount "61"]
[EventDate "2015.12.04"]

1. d4 Nf6 2. e3 e6 3. Nf3 c5 4. c3 d5 5. b3 Nc6 6. Bd3 Bd6 7. h3 O-O 8. O-O e5
9. dxe5 Nxe5 10. Nxe5 Bxe5 11. Bb2 Bd7 12. Nd2 Bc6 13. Nf3 Bc7 14. Qc2 Qd6 15.
Rfe1 b5 16. g3 c4 17. Be2 Ne4 18. Nd4 Bd7 19. Bg4 f5 20. Bf3 Rf6 21. Bxe4 fxe4
22. g4 Qh2+ 23. Kf1 Qxh3+ 24. Ke2 Bxg4+ 25. Kd2 Rxf2+ 26. Ne2 Bb6 27. Kc1 Qxe3+
28. Kb1 Bxe2 29. Bc1 Qf3 30. Rd1 Bd3 31. Rxd3 0-1

[Event "I Memorial Doriano Spinelli"]
[Site "Torino ITA"]
[Date "2015.12.05"]
[Round "2"]
[White "Coqueraut, Lodewyk"]
[Black "Peruffo, Giovanni"]
[WhiteElo "1638"]
[BlackElo "1453"]
[Result "1/2-1/2"]
[PlyCount "134"]
[EventDate "2015.12.04"]

1. Nf3 d6 2. g3 e5 3. d3 b6 4. Bg2 Bb7 5. O-O Be7 6. b3 Nf6 7. Nbd2 O-O 8. Bb2
Nbd7 9. c4 a5 10. a3 c5 11. Qc2 Qc7 12. Rac1 Rfc8 13. Qb1 Bc6 14. a4 Nf8 15. e3
Qb7 16. e4 Ne6 17. Nh4 Ng4 18. Ndf3 Nd4 19. Bxd4 exd4 20. Nf5 Bf8 21. Bh3 Ne5
22. Nxe5 dxe5 23. Rc2 Bd7 24. Bg2 Qc6 25. Qc1 Qg6 26. Kh1 Ra7 27. Nh4 Qh5 28.
Qd1 Qh6 29. Rg1 Be7 30. Nf5 Bxf5 31. exf5 Qg5 32. Be4 Rd7 33. Qf3 Rd6 34. Qg2
Rh6 35. Re2 Bd6 36. f3 Rd8 37. Qf1 Be7 38. h4 Qf6 39. Rh2 g6 40. fxg6 hxg6 41.
Qf2 Kg7 42. g4 Qf4 43. g5 Rh5 44. Qg3 Qe3 45. Re1 Qf4 46. Qg4 Rdh8 47. Qxf4
exf4 48. Kg2 Rxh4 49. Reh1 Rxh2+ 50. Rxh2 Rxh2+ 51. Kxh2 Bd8 52. Kh3 Bxg5 53.
Bc6 f5 54. Be8 Kf6 55. Bc6 Bh6 56. Kh4 g5+ 57. Kh3 Bf8 58. Be8 Be7 59. Bh5 Kg7
60. Be8 Kh6 61. Bd7 Kg6 62. Be8+ Kf6 63. Bd7 Ke5 64. Be8 g4+ 65. fxg4 fxg4+ 66.
Kxg4 Bd6 67. Bc6 Kf6 1/2-1/2